| 000 | 00700nam a2200217 a 4500 | ||
|---|---|---|---|
| 005 | 20241203063718.0 | ||
| 008 | 030603s2001 mx r 000 0 spa d | ||
| 020 | _a8477389098 | ||
| 035 | _aUPN01000124957 | ||
| 049 | _aCG | ||
| 050 | 4 |
_aLB1025 _bC6.45 |
|
| 100 | 1 |
_aColom Cañellas, Antonio Juan, _d1946- _933741 |
|
| 245 | 1 | 0 |
_aTeoría de la educación / _cAntoni J. Colom Cañellas, Luis Núñez Cubero. |
| 260 |
_aMadrid : _bSíntesis, _c[2001]. |
||
| 300 |
_a361 p. : _bgráfs. |
||
| 440 | 0 |
_aTeoría e historia de la educación ; _v8 |
|
| 650 | 4 |
_aTeorías de la educación _95007 |
|
| 650 | 4 |
_aTeoría de sistemas _926620 |
|
| 700 | 1 |
_aNúñez Cubero, Luis, _ecoaut. _939181 |
|
| 905 | _aLibro | ||
| 999 |
_c97136 _d97136 |
||